| 000 | 01611nam a22003257a 4500 | ||
|---|---|---|---|
| 999 |
_c22040 _d22040 |
||
| 003 | AR-CdUCM | ||
| 008 | 190515b ||||| |||| 00| 0 spa d | ||
| 040 |
_aMUNICIPALIDAD PROVINCIAL DEL CUSCO _cBIBLIOTECA MUNICIPAL DEL CUSCO |
||
| 082 | _aCroniUrbana/N°3/1993 | ||
| 110 |
_aCentro de Educación y Comunicación Guamán Poma de Ayala _947233 |
||
| 245 |
_aCrónicas Urbanas : _banálisis y perspectivas urbano regionales / |
||
| 260 |
_aCusco : _bCentro Guamán Poma de Ayala, _c1993. |
||
| 300 |
_a134 páginas. : _bilustraciones ; _c30 cm. |
||
| 440 |
_aRevista Crónicas Urbanas. _nN°3, 1993 _947234 |
||
| 505 | _aContenido: La Modernidad Cusqueña. -- Reivindicación del Pensamiento Colonizado. -- El Cusco: Entre el Sueño y la Ideología. -- En Busca de lo Andino. -- Sociedad y Política en el Cusco. -- La Cuestión Electoral. -- San Jerónimo: Reto al desarrollo agro urbano. -- San Sebastián: Espacio de Identidad. -- Las Casas y Guamán Poma: Dos defensores de indios. -- Esbozo Cronológico de Publicaciones y Actividades Culturales Cusqueñas. | ||
| 650 |
_aHistoria Urbana _913611 |
||
| 650 |
_aDesarrollo Urbano _914520 |
||
| 650 |
_aPolítica _9291 |
||
| 650 |
_aLiteratura cusqueña _947235 |
||
| 650 |
_aHistoria del Cusco _91714 |
||
| 700 |
_aTamayo Herrera, José _911513 |
||
| 700 |
_aEstermann, José _947236 |
||
| 700 |
_aVega Centeno, Imelda _93249 |
||
| 700 |
_aNieto Degregori, Luis _96534 |
||
| 700 |
_aCalvo Calvo, Rossano _944156 |
||
| 700 |
_aGutiérrez Samanez, Julio _946146 |
||
| 710 |
_aCentro Guamán Poma de Ayala _920511 |
||
| 942 |
_2ddc _cPP |
||
| 945 | _avhl | ||